I commentarii della guerra civile

Na minha lista:
Detalhes bibliográficos
Autor principal: Julio César (Author)
Formato: Livro
Idioma:Língua italiana
latim
Publicado em: Turín Libreria Salesiana 1909
Assuntos:
Tags: Adicionar Tag
Sem tags, seja o primeiro a adicionar uma tag!

MARC

LEADER 00000nam a2200000 a 4500
001 UCZ3429
003 CL-VaPUC
008 951020e19090000IT |||||||||||||||||ita|d
041 0 7 |a ita  |2 CL-VaPUC 
041 0 7 |a lat  |2 CL-VaPUC 
082 0 4 |a 937  |b CES  |2 21 
100 |a Julio César  |e author  |9 554667 
245 1 2 |a I commentarii della guerra civile 
300 |a 99 p 
942 |c BK 
945 |d 19951020 00:00:00  |a lriquelm 
260 |a Turín  |b Libreria Salesiana  |c 1909 
650 0 |a Historia  |9 255047 
650 0 |a Guerra civil  |9 320243 
650 0 |a Biografías  |9 255210 
651 0 |a Roma   |9 255106 
583 |a last modification  |c 19951020 00:00:00  |k Rodrigo Vera 
999 |c 239905  |d 239903 
952 |0 0  |1 0  |4 0  |6 937_000000000000000_CES_1909  |7 0  |8 P  |9 251405  |a BIBEDU  |b BIBEDU  |c BIBEDU_PB  |d 2019-11-18  |i 1587870  |o 937 CES 1909  |p 1587870  |r 2024-01-25  |w 2019-11-18  |y BK  |k FIL